000 00441nam a2200181Ia 4500
005 20240823042301.0
008 240823s9999||||xx |||||||||||||| ||und||
041 _aENGLISH
082 _A6.3
100 _aPhilip D Wasserman
245 0 _aNeural Computing Theory and Practice
250 _a1st
260 _bVan Nostrand Rei
500 _aTRANSFERED
650 _aNeural Computing
_bComputer Science
942 _cBK
999 _c207505
_d207505